China close-up: living chinese culture (Record no. 587853)

000 -LEADER
fixed length control field 00381nam a22001457a 4500
008 - FIXED-LENGTH DATA ELEMENTS--GENERAL INFORMATION
fixed length control field 211015b ||||| |||| 00| 0 eng d
020 ## - INTERNATIONAL STANDARD BOOK NUMBER
International Standard Book Number 9787513817387
040 ## - CATALOGING SOURCE
Transcribing agency DLC
082 ## - DEWEY DECIMAL CLASSIFICATION NUMBER
Classification number 915.1035 SIN
100 ## - MAIN ENTRY--PERSONAL NAME
Personal name Sinolingua
9 (RLIN) 83220
245 ## - TITLE STATEMENT
Title China close-up: living chinese culture
Statement of responsibility, etc. Sinolingua
260 ## - PUBLICATION, DISTRIBUTION, ETC.
Place of publication, distribution, etc. Beijing
Name of publisher, distributor, etc. Sinolingua
Date of publication, distribution, etc. 2019
300 ## - PHYSICAL DESCRIPTION
Extent 159p
Accompanying material CD
942 ## - ADDED ENTRY ELEMENTS (KOHA)
Source of classification or shelving scheme
Koha item type Book
Holdings
Withdrawn status Lost status Source of classification or shelving scheme Damaged status Not for loan Permanent Location Current Location Date acquired Total Checkouts Full call number Barcode Date last seen Price effective from Koha item type Public note
          School of Civil and Environmental Engineering (SCEE) School of Civil and Environmental Engineering (SCEE) 02/14/2022   915.1035 SIN NIT-13492 02/14/2022 02/14/2022 Book Chinese Donation
© 2023 Central Library, National University of Sciences and Technology. All Rights Reserved.